[Event "Cup of Lviv-2017 (A) Bank Lviv - open"]
[Site "Lviv"]
[Date "2017.05.08"]
[Round "1.2"]
[White "Mamedov, Rauf"]
[Black "Dovzhenko, Viktor"]
[Result "1-0"]
[WhiteElo "2705"]
[BlackElo "2042"]
[PlyCount "113"]
[EventDate "2017.05.08"]
[EventType "swiss (rapid)"]
[EventRounds "13"]
[EventCountry "UKR"]

1. e4 g6 2. d4 Bg7 3. Nc3 a6 4. f4 d5 5. Nxd5 e6 6. Ne3 Qxd4 7. Qxd4 Bxd4 8.
Nf3 Bg7 9. c3 b6 10. e5 Bb7 11. Be2 Ne7 12. Kf2 Nd7 13. Rd1 Rd8 14. b3 O-O 15.
Ba3 Rfe8 16. Nd4 c5 17. Nf3 f6 18. Bc4 Nf8 19. Ng4 fxe5 20. fxe5 Nd5 21. Bb2 b5
22. Bf1 h5 23. Ne3 Bh6 24. Nxd5 Bxd5 25. c4 bxc4 26. Bxc4 Bxc4 27. bxc4 Rd7 28.
Ba3 Rc8 29. h4 Kf7 30. Rab1 Rxd1 31. Rxd1 Ke7 32. Rd6 Nd7 33. Rxa6 Bf4 34. Ra7
Ke8 35. g3 Bxe5 36. Rxd7 Kxd7 37. Nxe5+ Kd6 38. Nd3 Kc6 39. Bxc5 Rd8 40. Ke3
Ra8 41. a3 Rg8 42. Be7 Kd7 43. Bf6 Kd6 44. Ke4 Ra8 45. Bg7 Kc6 46. Bb2 Rb8 47.
Nb4+ Kd7 48. c5 Rg8 49. Be5 g5 50. c6+ Kc8 51. Bf6 gxh4 52. gxh4 Rg4+ 53. Ke5
Rg3 54. Kxe6 Rxa3 55. Nd5 Ra6 56. Kd6 Ra2 57. Nb6+ 1-0

[Event "Cup of Lviv-2017 (A) Bank Lviv - open"]
[Site "Lviv"]
[Date "2017.05.08"]
[Round "1.4"]
[White "Bogdanovich, Stanislav"]
[Black "Dzurak, Vitalii"]
[Result "1-0"]
[WhiteElo "2676"]
[BlackElo "2024"]
[PlyCount "101"]
[EventDate "2017.05.08"]
[EventType "swiss (rapid)"]
[EventRounds "13"]
[EventCountry "UKR"]

1. e4 c5 2. Nf3 e6 3. d4 cxd4 4. Nxd4 Nf6 5. Bd3 Nc6 6. Nxc6 dxc6 7. O-O e5 8.
Nd2 Bd6 9. Nc4 Bc7 10. Bg5 h6 11. Bh4 b5 12. Ne3 Qd6 13. a4 Bd7 14. axb5 cxb5
15. Qf3 O-O 16. Rfd1 Qb6 17. Bxf6 Qxf6 18. Qxf6 gxf6 19. Nd5 Bd8 20. Ra6 Bc8
21. Rd6 Rb8 22. Nxf6+ Kh8 23. Nd5 Kg7 24. Be2 a5 25. Rd3 Be6 26. Rg3+ Kh7 27.
Bg4 Bh4 28. Bxe6 Bxg3 29. Bf5+ Kg7 30. hxg3 a4 31. c3 Rfd8 32. Rc6 Ra8 33. f4
exf4 34. gxf4 a3 35. bxa3 Rxa3 36. Rb6 Rb3 37. Rb7 Rd6 38. Kf2 h5 39. g4 h4 40.
g5 Rb2+ 41. Kf3 Kg8 42. Rb8+ Kg7 43. Nf6 Rxf6 44. gxf6+ Kxf6 45. Kg4 Rb3 46.
Rb7 h3 47. e5+ Kg7 48. e6 h2 49. Rxf7+ Kg8 50. Bh7+ Kh8 51. e7 1-0

[Event "Cup of Lviv-2017 (A) Bank Lviv - open"]
[Site "Lviv"]
[Date "2017.05.08"]
[Round "1.6"]
[White "Fedorov, Alexei"]
[Black "Illyuk, Petro"]
[Result "1-0"]
[WhiteElo "2623"]
[BlackElo "2011"]
[PlyCount "37"]
[EventDate "2017.05.08"]
[EventType "swiss (rapid)"]
[EventRounds "13"]
[EventCountry "UKR"]

1. e4 e5 2. Nc3 Nf6 3. g3 d5 4. exd5 Nxd5 5. Bg2 Nxc3 6. bxc3 Bd6 7. Nf3 O-O 8.
O-O c5 9. d4 cxd4 10. cxd4 exd4 11. Nxd4 Be5 12. c3 Nc6 13. Ba3 Re8 14. Nxc6
bxc6 15. Bxc6 Bh3 16. Re1 Bxc3 17. Rxe8+ Qxe8 18. Bxe8 Rxe8 19. Bc1 1-0

[Event "Cup of Lviv-2017 (A) Bank Lviv - open"]
[Site "Lviv"]
[Date "2017.05.08"]
[Round "1.8"]
[White "Azarov, Sergei"]
[Black "Rusanov, Sergey"]
[Result "1-0"]
[WhiteElo "2589"]
[BlackElo "2008"]
[PlyCount "59"]
[EventDate "2017.05.08"]
[EventType "swiss (rapid)"]
[EventRounds "13"]
[EventCountry "UKR"]

1. e4 d6 2. d4 Nf6 3. Nc3 g6 4. Nf3 Bg7 5. Be3 c5 6. dxc5 Qa5 7. Bb5+ Bd7 8.
Bxd7+ Nbxd7 9. cxd6 Nxe4 10. O-O Bxc3 11. bxc3 Nxd6 12. Re1 Nf5 13. Bf4 Rd8 14.
Nd4 O-O 15. Nxf5 Qxf5 16. Bg3 Nf6 17. Qe2 Rd7 18. Rab1 Rfd8 19. h3 Nd5 20. Rb3
e6 21. c4 Nf4 22. Qe3 Nh5 23. Be5 Rd2 24. g4 Qxc2 25. gxh5 Rd1 26. Rxd1 Rxd1+
27. Kh2 Qf5 28. Rxb7 Rb1 29. Qd4 Rxb7 30. Qd8# 1-0

[Event "Cup of Lviv-2017 (A) Bank Lviv - open"]
[Site "Lviv"]
[Date "2017.05.08"]
[Round "1.10"]
[White "Bortnyk, Mykola"]
[Black "Snigurov, Maxim"]
[Result "1/2-1/2"]
[WhiteElo "2543"]
[BlackElo "2003"]
[PlyCount "96"]
[EventDate "2017.05.08"]
[EventType "swiss (rapid)"]
[EventRounds "13"]
[EventCountry "UKR"]

1. e4 e5 2. Nf3 Nc6 3. Bb5 a6 4. Ba4 Nf6 5. Qe2 d6 6. Bxc6+ bxc6 7. d4 exd4 8.
Nxd4 Bd7 9. e5 dxe5 10. Qxe5+ Qe7 11. Bf4 Nd5 12. O-O O-O-O 13. c4 Qxe5 14.
Bxe5 Nb4 15. Rd1 f6 16. Bg3 c5 17. a3 Bg4 18. Rd2 cxd4 19. axb4 Bxb4 20. Rxa6
Bxd2 21. Nxd2 Rhe8 22. f3 Re2 23. Nb3 d3 24. Ra7 Rd7 25. Nc5 Kd8 26. Nxd7 Bxd7
27. Bxc7+ Kc8 28. Bf4 d2 29. Bxd2 Rxd2 30. b3 Rd3 31. Ra8+ Kc7 32. Rg8 g6 33.
Rg7 Rxb3 34. Rxh7 Kd6 35. c5+ Kc6 36. Rf7 Bf5 37. Rxf6+ Kxc5 38. h4 Rb6 39. Rf8
Kd5 40. h5 Rb7 41. g4 Bxg4 42. fxg4 gxh5 43. gxh5 Rh7 44. Rf5+ Ke4 45. Ra5 Kf4
46. Kg2 Kg4 47. Rb5 Rxh5 48. Rxh5 Kxh5 1/2-1/2

[Event "Cup of Lviv-2017 (A) Bank Lviv - open"]
[Site "Lviv"]
[Date "2017.05.08"]
[Round "2.7"]
[White "Kravtsiv, Martyn"]
[Black "Rozhok, Alexey"]
[Result "1-0"]
[WhiteElo "2590"]
[BlackElo "2204"]
[PlyCount "69"]
[EventDate "2017.05.08"]
[EventType "swiss (rapid)"]
[EventRounds "13"]
[EventCountry "UKR"]

1. e4 c5 2. Nf3 d6 3. d4 cxd4 4. Nxd4 Nf6 5. Nc3 a6 6. Be2 e5 7. Nb3 Be6 8. f4
Qc7 9. O-O Nbd7 10. Be3 Be7 11. Nd5 Bxd5 12. exd5 Rc8 13. c4 b6 14. Kh1 O-O 15.
Rc1 exf4 16. Bxf4 Rfe8 17. Nd4 Bf8 18. Nc6 Nb8 19. Nd4 Nbd7 20. b4 Re4 21. Nc6
Nb8 22. Bd3 Nxc6 23. Bxe4 Nxe4 24. dxc6 Qxc6 25. Qd5 Nf6 26. Qxc6 Rxc6 27. b5
axb5 28. cxb5 Rc5 29. Rxc5 dxc5 30. Rd1 Be7 31. Bc7 Ne4 32. Rd7 Kf8 33. Bxb6 c4
34. Rc7 Nd6 35. Bc5 1-0

[Event "Cup of Lviv-2017 (A) Bank Lviv - open"]
[Site "Lviv"]
[Date "2017.05.08"]
[Round "2.9"]
[White "Kuzubov, Yuriy"]
[Black "Katashuk, V."]
[Result "1-0"]
[WhiteElo "2564"]
[BlackElo "2193"]
[PlyCount "117"]
[EventDate "2017.05.08"]
[EventType "swiss (rapid)"]
[EventRounds "13"]
[EventCountry "UKR"]

1. d4 f5 2. Nf3 Nf6 3. c4 g6 4. g3 Bg7 5. Bg2 O-O 6. O-O d6 7. Nc3 Nc6 8. d5
Ne5 9. Nxe5 dxe5 10. e4 f4 11. c5 g5 12. b4 Qe8 13. Bb2 Ng4 14. h3 Qh5 15. Nb5
f3 16. Nxc7 fxg2 17. Kxg2 Ne3+ 18. fxe3 Qxh3+ 19. Kg1 Qxg3+ 20. Kh1 Bg4 21. Qd2
Rxf1+ 22. Rxf1 Bf3+ 23. Rxf3 Qxf3+ 24. Qg2 Qxe3 25. Nxa8 Qe1+ 26. Kh2 Qh4+ 27.
Kg1 Qe1+ 28. Qf1 Qg3+ 29. Kh1 Qh4+ 30. Kg2 Qxe4+ 31. Qf3 Qxb4 32. Ba3 Qd2+ 33.
Kf1 g4 34. Qxg4 Qxd5 35. Nc7 Qd3+ 36. Kg2 Qxa3 37. Ne6 Qb2+ 38. Kh3 e4 39. Qxe4
Qe5 40. Qg4 h6 41. a4 Kh7 42. Nxg7 Qxg7 43. Qe4+ Kh8 44. Qf5 b6 45. Qc8+ Kh7
46. c6 Qc3+ 47. Kg4 Qd4+ 48. Kf5 Qd5+ 49. Kf4 Qd6+ 50. Ke4 Qb4+ 51. Kf5 Qc3 52.
Qd7 Qh3+ 53. Ke5 Qe3+ 54. Kd5 Qb3+ 55. Kd4 Qxa4+ 56. Ke5 Kg6 57. Qe6+ Kh5 58.
Qf5+ Kh4 59. Qe4+ 1-0

[Event "Cup of Lviv-2017 (A) Bank Lviv - open"]
[Site "Lviv"]
[Date "2017.05.08"]
[Round "2.10"]
[White "Sivuk, Vitaliy"]
[Black "Vachylya, Andriy"]
[Result "1-0"]
[WhiteElo "2533"]
[BlackElo "2170"]
[PlyCount "104"]
[EventDate "2017.05.08"]
[EventType "swiss (rapid)"]
[EventRounds "13"]
[EventCountry "UKR"]

1. d4 Nf6 2. c4 g6 3. Nc3 Bg7 4. e4 d6 5. Nf3 O-O 6. Be2 e5 7. d5 a5 8. Bg5 h6
9. Bh4 g5 10. Bg3 Nh5 11. O-O Nf4 12. Nd2 Nd7 13. Bg4 Nf6 14. Bxc8 Qxc8 15. Re1
h5 16. Nf3 Bh6 17. Bxf4 exf4 18. e5 dxe5 19. Rxe5 Ng4 20. Re7 Ra6 21. Qe2 Rg6
22. Re1 Nf6 23. Ne5 Rg7 24. Ne4 Nxe4 25. Qxe4 f5 26. Rxg7+ Bxg7 27. Qb1 Re8 28.
Nf3 g4 29. Ng5 Rxe1+ 30. Qxe1 Qd7 31. b3 b6 32. Kf1 Bf6 33. Qe6+ Qxe6 34. Nxe6
Be5 35. f3 Kf7 36. Ke2 Ke7 37. Kd3 Kd6 38. Nd4 Ke7 39. Nc6+ Kf6 40. Nxe5 Kxe5
41. h4 b5 42. cxb5 Kxd5 43. a4 Kc5 44. Kc3 g3 45. b4+ axb4+ 46. Kb3 Kd4 47. a5
Kc5 48. a6 Kb6 49. Kxb4 c6 50. bxc6 Kxc6 51. Kc4 Kb6 52. Kd4 Kxa6 1-0

[Event "Cup of Lviv-2017 (A) Bank Lviv - open"]
[Site "Lviv"]
[Date "2017.05.08"]
[Round "3.1"]
[White "Budnikov, Oleg"]
[Black "Onischuk, Vladimir"]
[Result "0-1"]
[WhiteElo "2446"]
[BlackElo "2715"]
[PlyCount "146"]
[EventDate "2017.05.08"]
[EventType "swiss (rapid)"]
[EventRounds "13"]
[EventCountry "UKR"]

1. d4 d6 2. e4 Nf6 3. Nc3 g6 4. f4 Bg7 5. Nf3 O-O 6. Bd3 Na6 7. O-O c5 8. d5
Rb8 9. a3 Nc7 10. a4 b6 11. Qe1 e6 12. dxe6 fxe6 13. e5 Nfd5 14. exd6 Qxd6 15.
Ne4 Qe7 16. Neg5 Nb4 17. Be4 Ba6 18. Rf2 Rbd8 19. Ra3 Ncd5 20. Nxh7 Kxh7 21.
Ng5+ Kg8 22. Bxg6 Rf6 23. Be4 Nc6 24. Rh3 Nd4 25. Bh7+ Kf8 26. c3 Nf5 27. g4
Re8 28. gxf5 exf5 29. Qxe7+ Rxe7 30. Bd2 Rd7 31. Nf3 Ne7 32. Ne5 Rdd6 33. Rh5
Rh6 34. Rxf5+ Nxf5 35. Bxf5 Bb7 36. h3 Bc6 37. a5 Be8 38. axb6 axb6 39. Kh2
Rhf6 40. Be4 Rd8 41. f5 Rfd6 42. Nc4 Rxd2 43. Rxd2 Rb8 44. Kg2 b5 45. Ne3 b4
46. Nd5 bxc3 47. bxc3 Be5 48. f6 Bc6 49. Kf3 Rb3 50. Ne3 Be8 51. Ng4 Rxc3+ 52.
Kg2 Bc7 53. Ra2 Rc4 54. Bf3 Ra4 55. Re2 Bd6 56. Re6 Rd4 57. Nh6 Rd2+ 58. Kg1
Bd7 59. Re1 c4 60. Ra1 Rb2 61. Rd1 Rb6 62. Kh1 Be6 63. Bd5 c3 64. Be4 Bxh3 65.
Ra1 Be6 66. Kg2 Be5 67. Ra8+ Rb8 68. Rxb8+ Bxb8 69. Kf3 Bd5 70. Bxd5 c2 71. Nf5
c1=Q 72. Ne3 Ba7 73. Nc4 Qh1+ 0-1

[Event "Cup of Lviv-2017 (A) Bank Lviv - open"]
[Site "Lviv"]
[Date "2017.05.08"]
[Round "3.5"]
[White "Fedorov, Alexei"]
[Black "Shkuran, Daniil"]
[Result "1/2-1/2"]
[WhiteElo "2623"]
[BlackElo "2407"]
[PlyCount "96"]
[EventDate "2017.05.08"]
[EventType "swiss (rapid)"]
[EventRounds "13"]
[EventCountry "UKR"]

1. e4 c5 2. d3 Nc6 3. f4 e6 4. Nf3 Nf6 5. Be2 Be7 6. O-O d5 7. e5 Nd7 8. c4 d4
9. Nbd2 Qc7 10. Ne4 b6 11. Bd2 Bb7 12. a3 O-O-O 13. b4 h6 14. b5 Na5 15. Bxa5
Bxe4 16. Bxb6 Nxb6 17. dxe4 d3 18. Bxd3 Nxc4 19. Qe2 Na5 20. Rab1 Qb6 21. Kh1
Rd7 22. f5 Rhd8 23. Bc4 Kb8 24. a4 Bg5 25. Ba2 g6 26. fxe6 fxe6 27. Nxg5 hxg5
28. Qg4 c4 29. Rbc1 Rd4 30. Qxg5 Rxe4 31. Qxg6 Qe3 32. Qxe6 Rh4 33. h3 Rh6 34.
Qg4 Rdh8 35. Kh2 Qd2 36. Bb1 Rxh3+ 37. Qxh3 Rxh3+ 38. Kxh3 Qh6+ 39. Kg3 Qg5+
40. Kh2 Qxe5+ 41. Kh1 Qh5+ 42. Kg1 Qc5+ 43. Rf2 Qe3 44. Rcf1 Nb3 45. Kh1 Qh6+
46. Kg1 Qe3 47. Kh1 Qh6+ 48. Kg1 Qe3 1/2-1/2

[Event "Cup of Lviv-2017 (A) Bank Lviv - open"]
[Site "Lviv"]
[Date "2017.05.08"]
[Round "3.7"]
[White "Azarov, Sergei"]
[Black "Maly, Alexey"]
[Result "1/2-1/2"]
[WhiteElo "2589"]
[BlackElo "2393"]
[PlyCount "63"]
[EventDate "2017.05.08"]
[EventType "swiss (rapid)"]
[EventRounds "13"]
[EventCountry "UKR"]

1. e4 c6 2. Nc3 d5 3. d4 dxe4 4. Nxe4 Bf5 5. Ng3 Bg6 6. Nh3 e6 7. Nf4 Bd6 8.
Ngh5 Bxh5 9. Nxh5 g6 10. Nf4 Nf6 11. g3 Nd5 12. Nd3 Nd7 13. Bg2 O-O 14. O-O Re8
15. c4 N5f6 16. Bg5 Be7 17. Qf3 Nh5 18. Bd2 Ng7 19. Rad1 Nf5 20. Bc3 Bf6 21.
Ne5 Nxd4 22. Bxd4 Bxe5 23. Bxe5 Nxe5 24. Qf4 Nd7 25. Rd6 Qe7 26. Rfd1 Nf8 27.
Qd2 Rac8 28. c5 Qf6 29. b4 a6 30. a4 Rc7 31. h4 h5 32. Qe3 1/2-1/2

[Event "Cup of Lviv-2017 (A) Bank Lviv - open"]
[Site "Lviv"]
[Date "2017.05.08"]
[Round "3.12"]
[White "Oleksiyenko, Mykhaylo"]
[Black "Vypkhanyuk, Igor"]
[Result "1/2-1/2"]
[WhiteElo "2521"]
[BlackElo "2308"]
[PlyCount "120"]
[EventDate "2017.05.08"]
[EventType "swiss (rapid)"]
[EventRounds "13"]
[EventCountry "UKR"]

1. d4 Nf6 2. c4 d6 3. Nf3 g6 4. Nc3 Bg7 5. e4 O-O 6. Be2 Na6 7. O-O e5 8. dxe5
dxe5 9. Be3 Ng4 10. Bg5 f6 11. Qxd8 Rxd8 12. Bh4 c6 13. Rfd1 Be6 14. a3 Nh6 15.
b4 Nf7 16. Nd2 Rd7 17. Nb3 Rad8 18. f3 b6 19. Kf1 Nc7 20. Rxd7 Rxd7 21. Rd1
Rxd1+ 22. Nxd1 Nd6 23. Nb2 Kf7 24. Bf2 Bf8 25. Ke1 Nb7 26. Nc1 Bh6 27. Kd1 c5
28. Kc2 Na6 29. Ncd3 Ke7 30. Kc3 Kd6 31. Nd1 Nb8 32. b5 Ke7 33. Bh4 Nd7 34. a4
Nd6 35. N3b2 Bc1 36. Bf2 f5 37. exf5 gxf5 38. Kc2 Bg5 39. Nc3 Bf6 40. Bd3 h6
41. Bg3 Bg5 42. Nd5+ Bxd5 43. cxd5 Bf4 44. Bxf4 exf4 45. Kc3 Ne5 46. Be2 Ne8
47. Bc4 Kd6 48. Nd1 Nf6 49. Nf2 Nxc4 50. Kxc4 Nxd5 51. Kd3 Ke5 52. Nh3 Ne3 53.
g3 Nd5 54. Kc4 Ne3+ 55. Kd3 Nd5 56. Kc4 Ne3+ 57. Kd3 Nd5 58. Kc4 Ne3+ 59. Kd3
Nd5 60. Kc4 Ne3+ 1/2-1/2

[Event "Cup of Lviv-2017 (A) Bank Lviv - open"]
[Site "Lviv"]
[Date "2017.05.08"]
[Round "4.2"]
[White "Bernadskiy, Vitaliy"]
[Black "Solovchuk, Alexey"]
[Result "1/2-1/2"]
[WhiteElo "2679"]
[BlackElo "2483"]
[PlyCount "199"]
[EventDate "2017.05.08"]
[EventType "swiss (rapid)"]
[EventRounds "13"]
[EventCountry "UKR"]

1. c4 e5 2. g3 g6 3. Bg2 Bg7 4. Nc3 Nc6 5. Rb1 f5 6. b4 Nf6 7. b5 Ne7 8. a4 a6
9. Qb3 axb5 10. cxb5 d5 11. e3 Be6 12. Nf3 e4 13. Nd4 Bf7 14. Ba3 O-O 15. Nce2
Qd7 16. f4 exf3 17. Nxf3 Ne4 18. Qb4 c5 19. bxc6 Nxc6 20. Qxb7 Qxb7 21. Rxb7
Rfb8 22. Rxb8+ Nxb8 23. O-O Rxa4 24. Rb1 Nc6 25. Bc1 Rb4 26. Rxb4 Nxb4 27. Ba3
Nc2 28. Be7 Be8 29. Bf1 Kf7 30. Bd8 Bb5 31. Bb6 Ke7 32. Nf4 Bxf1 33. Kxf1 Kd6
34. Ke2 Kc6 35. Ba5 Bf6 36. d3 Nd6 37. Ne6 Nb7 38. Bd2 Be7 39. Neg5 Nd6 40.
Ne5+ Kb5 41. Nxh7 g5 42. Ng6 Bd8 43. h4 gxh4 44. gxh4 Nf7 45. Nhf8 d4 46. Ne6
Bf6 47. h5 dxe3 48. Bxe3 Nxe3 49. Kxe3 Nh6 50. Nef4 Kc5 51. Nf8 Bd4+ 52. Kf3
Kd6 53. N4g6 Bb2 54. Ke3 Kd5 55. Nh7 Bc1+ 56. Kf3 Kd4 57. Nf4 Ke5 58. d4+ Kd6
59. Nd3 Bd2 60. Nf4 Bc1 61. Ng5 Ke7 62. Ngh3 Bb2 63. Ke3 Ng4+ 64. Kd3 Bc1 65.
Kc4 Kd6 66. Kd3 Ke7 67. Ng6+ Kf6 68. Kc4 Kg7 69. d5 Ba3 70. Kb5 Nf6 71. Ngf4
Kh6 72. Kc6 Nxh5 73. Ne6 Nf6 74. Nhf4 Nxd5 75. Kxd5 Bc1 76. Nd3 f4 77. Nd4 f3
78. Nf2 Be3 79. Ng4+ Kg5 80. Nxe3 f2 81. Nf1 Kf4 82. Kc4 Ke4 83. Kc3 Kd5 84.
Kd3 Kc5 85. Ke4 Kb6 86. Kd5 Kb7 87. Kd6 Ka8 88. Nc6 Kb7 89. Kc5 Ka8 90. Ne3
f1=Q 91. Nxf1 Kb7 92. Ne3 Kc7 93. Nd5+ Kd7 94. Nd4 Ke8 95. Kd6 Kf7 96. Ne6 Kg6
97. Ke5 Kf7 98. Ndf4 Ke7 99. Nc5 Kf7 100. Ke4 1/2-1/2

[Event "Cup of Lviv-2017 (A) Bank Lviv - open"]
[Site "Lviv"]
[Date "2017.05.08"]
[Round "4.3"]
[White "Sergeev, Vladimir"]
[Black "Bogdanovich, Stanislav"]
[Result "1/2-1/2"]
[WhiteElo "2526"]
[BlackElo "2676"]
[PlyCount "188"]
[EventDate "2017.05.08"]
[EventType "swiss (rapid)"]
[EventRounds "13"]
[EventCountry "UKR"]

1. d4 Nf6 2. Nf3 e6 3. c3 b6 4. Bf4 Bb7 5. e3 Be7 6. Bd3 O-O 7. Nbd2 c5 8. h3
d6 9. O-O Nbd7 10. Bh2 Rc8 11. Qe2 Re8 12. e4 Nf8 13. e5 dxe5 14. dxe5 Nd5 15.
Rad1 Ng6 16. Bxg6 hxg6 17. c4 Nb4 18. Ne4 Qc7 19. Nd6 Bxf3 20. Qxf3 Bxd6 21.
exd6 Qd7 22. h4 Nc6 23. h5 Nd4 24. Rxd4 cxd4 25. hxg6 Rxc4 26. gxf7+ Qxf7 27.
Qd3 e5 28. Bxe5 Rxe5 29. d7 Qxd7 30. Qxc4+ Qd5 31. Qd3 Rg5 32. f3 Qxa2 33. Qxd4
Qd5 34. Qxd5+ Rxd5 35. Rf2 a5 36. Rc2 Rb5 37. Kh2 Kf7 38. Re2 Kf6 39. g4 Rb4
40. Kg3 g5 41. Kg2 a4 42. Kg3 b5 43. Kg2 Rc4 44. Kg3 b4 45. Re8 b3 46. Rf8+ Ke6
47. Rf5 Rb4 48. Ra5 Kd6 49. Kf2 Kc6 50. Ke3 Kb6 51. Ra8 Rc4 52. Kd3 Rf4 53. Ke3
Kc6 54. Ra5 Rb4 55. Ra8 Kb7 56. Ra5 Kb6 57. Ra8 Kc5 58. Ra7 Rc4 59. Ra8 Rf4 60.
Ra5+ Kb6 61. Ra8 Kb7 62. Ra5 Kc6 63. Ra8 Kb6 64. Rb8+ Kc5 65. Rc8+ Kd5 66. Rd8+
Ke6 67. Re8+ Kd7 68. Ra8 Rb4 69. Ra6 Kc7 70. Kd3 Kb7 71. Ra5 Kb6 72. Ra8 Kc5
73. Ra5+ Kc6 74. Ra8 Kb6 75. Rb8+ Kc5 76. Rc8+ Kd5 77. Ra8 Rd4+ 78. Ke3 Rc4 79.
Ra5+ Kc6 80. Ra8 Kc5 81. Rc8+ Kd5 82. Rd8+ Ke5 83. Re8+ Kd6 84. Rd8+ Kc7 85.
Ra8 Rf4 86. Ra5 Kb7 87. Rxg5 Rb4 88. Ra5 Kb6 89. Ra8 Kb7 90. Ra5 Kb6 91. Ra8
Kb7 92. Ra5 Kb6 93. Ra8 Kb7 94. Ra5 Kb6 1/2-1/2

[Event "Cup of Lviv-2017 (A) Bank Lviv - open"]
[Site "Lviv"]
[Date "2017.05.08"]
[Round "4.8"]
[White "Mirzoev, Emil"]
[Black "Mamedov, Rauf"]
[Result "1/2-1/2"]
[WhiteElo "2474"]
[BlackElo "2705"]
[PlyCount "80"]
[EventDate "2017.05.08"]
[EventType "swiss (rapid)"]
[EventRounds "13"]
[EventCountry "UKR"]

1. d4 d6 2. c4 e5 3. Nf3 e4 4. Ng5 f5 5. Nc3 Nf6 6. h4 Be7 7. e3 O-O 8. Be2 c5
9. d5 h6 10. Nh3 Nbd7 11. b3 Ne5 12. Bb2 Bd7 13. Qc2 a6 14. Nf4 Nfg4 15. h5 Bh4
16. g3 Bf6 17. a4 Qe8 18. Kf1 Qf7 19. a5 Rab8 20. Na4 Bxa4 21. bxa4 b6 22. axb6
Rxb6 23. Bc3 Rfb8 24. Kg2 Nf3 25. Ra2 Rb3 26. Bxf6 Qxf6 27. a5 Kh7 28. Qc1 Rb2
29. Rxb2 Rxb2 30. Qa1 Qc3 31. Rb1 Rxe2 32. Nxe2 Qxc4 33. Qb2 Qxd5 34. Nf4 Qc4
35. Ng6 Nf6 36. Qb8 Nxh5 37. Nf8+ Kg8 38. Rb7 Ne1+ 39. Kh2 Nf3+ 40. Kg2 Ne1+
1/2-1/2

[Event "Cup of Lviv-2017 (A) Bank Lviv - open"]
[Site "Lviv"]
[Date "2017.05.08"]
[Round "4.9"]
[White "Maly, Alexey"]
[Black "Fedorov, Alexei"]
[Result "0-1"]
[WhiteElo "2393"]
[BlackElo "2623"]
[PlyCount "116"]
[EventDate "2017.05.08"]
[EventType "swiss (rapid)"]
[EventRounds "13"]
[EventCountry "UKR"]

1. d4 Nf6 2. c4 g6 3. Nc3 Bg7 4. e4 d6 5. Be2 O-O 6. Nf3 Bg4 7. Ng1 Bxe2 8.
Ngxe2 a6 9. f3 c5 10. Be3 Nfd7 11. O-O Nc6 12. Qd2 Qa5 13. dxc5 Nxc5 14. Rac1
b5 15. cxb5 axb5 16. Bxc5 dxc5 17. a3 Nd4 18. Qe3 Nb3 19. Rcd1 Bxc3 20. Nxc3
Nd4 21. Rxd4 cxd4 22. Qxd4 Rfd8 23. Qe5 e6 24. h4 Qb6+ 25. Kh1 b4 26. axb4 Qxb4
27. h5 Ra5 28. Qc7 Rxh5+ 29. Kg1 Qd4+ 30. Rf2 Ra8 31. g4 Ra1+ 32. Kg2 Rhh1 33.
Qb8+ Kg7 34. Ne2 Qf6 35. Qg3 Qxb2 36. e5 Qb4 37. g5 Rae1 38. f4 Qe4+ 39. Qf3
Qxf3+ 40. Kxf3 Rhf1 41. Ng3 Rxf2+ 42. Kxf2 Ra1 43. Ne4 h6 44. gxh6+ Kxh6 45.
Nd6 Ra7 46. Ne4 Kh5 47. Nf6+ Kh4 48. Kf3 g5 49. fxg5 Kxg5 50. Ke4 Ra4+ 51. Ke3
Kf5 52. Nd7 Ra7 53. Nb8 Rc7 54. Na6 Rc1 55. Nb4 Rc4 56. Nd3 Rc3 57. Kd4 Rxd3+
58. Kxd3 Kxe5 0-1

[Event "Cup of Lviv-2017 (A) Bank Lviv - open"]
[Site "Lviv"]
[Date "2017.05.08"]
[Round "4.10"]
[White "Shkuran, Daniil"]
[Black "Azarov, Sergei"]
[Result "1/2-1/2"]
[WhiteElo "2407"]
[BlackElo "2589"]
[PlyCount "72"]
[EventDate "2017.05.08"]
[EventType "swiss (rapid)"]
[EventRounds "13"]
[EventCountry "UKR"]

1. Nf3 Nf6 2. g3 b6 3. Bg2 Bb7 4. d3 c5 5. O-O d6 6. e4 Nbd7 7. Nc3 e6 8. Re1
a6 9. e5 dxe5 10. Nxe5 Bxg2 11. Kxg2 Nxe5 12. Rxe5 Be7 13. Re1 O-O 14. Qf3 Qd7
15. Be3 Rac8 16. Rad1 Rfd8 17. d4 cxd4 18. Rxd4 Qc7 19. Bf4 Qc5 20. Rxd8+ Rxd8
21. Qb7 Nd5 22. Nxd5 Qxd5+ 23. Qxd5 Rxd5 24. c4 Rd7 25. Be3 Rc7 26. Bxb6 Rxc4
27. Re2 g5 28. h3 Kg7 29. Rd2 Kg6 30. b3 Rc6 31. Be3 h5 32. Rd7 Bc5 33. Bxc5
Rxc5 34. Ra7 a5 35. g4 h4 36. a4 Kf6 1/2-1/2

[Event "Cup of Lviv-2017 (A) Bank Lviv - open"]
[Site "Lviv"]
[Date "2017.05.08"]
[Round "4.11"]
[White "Vypkhanyuk, Igor"]
[Black "Bortnyk, Mykola"]
[Result "1/2-1/2"]
[WhiteElo "2308"]
[BlackElo "2543"]
[PlyCount "56"]
[EventDate "2017.05.08"]
[EventType "swiss (rapid)"]
[EventRounds "13"]
[EventCountry "UKR"]

1. Nf3 Nf6 2. c4 d6 3. d4 Bg4 4. g3 Bxf3 5. exf3 g6 6. Bg2 Bg7 7. Nc3 c6 8. d5
cxd5 9. cxd5 O-O 10. O-O Nbd7 11. Be3 Nb6 12. Bd4 Rc8 13. Re1 Ne8 14. f4 Bxd4
15. Qxd4 Ng7 16. Bh3 Rc5 17. Re2 f5 18. Rae1 Rf7 19. a4 Ne8 20. Bg2 a5 21. Qd1
Nc4 22. Nb5 Nf6 23. Nd4 Qd7 24. Ne6 Rc8 25. Ng5 Rg7 26. Ne6 Rf7 27. Ng5 Rg7 28.
Ne6 Rf7 1/2-1/2

[Event "Cup of Lviv-2017 (A) Bank Lviv - open"]
[Site "Lviv"]
[Date "2017.05.08"]
[Round "5.1"]
[White "Kuzubov, Yuriy"]
[Black "Onischuk, Vladimir"]
[Result "1/2-1/2"]
[WhiteElo "2564"]
[BlackElo "2715"]
[PlyCount "61"]
[EventDate "2017.05.08"]
[EventType "swiss (rapid)"]
[EventRounds "13"]
[EventCountry "UKR"]

1. d4 d6 2. c4 g6 3. e4 Bg7 4. Nc3 Nf6 5. Bd3 O-O 6. Nge2 c6 7. O-O a6 8. f4 b5
9. e5 Nfd7 10. Be3 bxc4 11. Bxc4 Nb6 12. Bd3 a5 13. Rc1 Ba6 14. Bxa6 Nxa6 15.
Ne4 Nb4 16. a3 N4d5 17. Bd2 Qd7 18. N2g3 f5 19. exf6 Nxf6 20. Nxf6+ Bxf6 21.
Kh1 Nd5 22. Rc4 Rab8 23. Bc1 Bg7 24. Qc2 Rb6 25. f5 Qe8 26. h3 gxf5 27. Nxf5
Qg6 28. Kg1 Rf7 29. Nxg7 Rxf1+ 30. Kxf1 Qxg7 31. Kg1 1/2-1/2

[Event "Cup of Lviv-2017 (A) Bank Lviv - open"]
[Site "Lviv"]
[Date "2017.05.08"]
[Round "5.2"]
[White "Vovk, Yuri"]
[Black "Kravtsiv, Martyn"]
[Result "1/2-1/2"]
[WhiteElo "2532"]
[BlackElo "2590"]
[PlyCount "87"]
[EventDate "2017.05.08"]
[EventType "swiss (rapid)"]
[EventRounds "13"]
[EventCountry "UKR"]

1. d4 d5 2. c4 e6 3. Nf3 Nf6 4. g3 Bb4+ 5. Bd2 Be7 6. Bg2 O-O 7. O-O c6 8. Bf4
dxc4 9. Ne5 Nd5 10. Nxc4 Nxf4 11. gxf4 Qc7 12. e3 Nd7 13. Nc3 b6 14. Rc1 Bb7
15. Qf3 Rac8 16. Rfd1 Rfd8 17. a3 Ba8 18. Qg3 Nf6 19. Ne5 Qb8 20. Ne4 Nxe4 21.
Bxe4 c5 22. Qf3 f6 23. Qh3 f5 24. Bxa8 Qxa8 25. dxc5 Rxc5 26. Qh5 g6 27. Qe2
Kg7 28. b4 Rxc1 29. Rxc1 Rc8 30. Rxc8 Qxc8 31. Qb5 Bf6 32. Qc6 Qxc6 33. Nxc6 a6
34. Nb8 Bb2 35. a4 a5 36. b5 Bf6 37. Nd7 Bd8 38. Kf1 Bc7 39. Kg2 Kf7 40. h4 h6
41. Kf3 Ke7 42. Ne5 Bxe5 43. fxe5 g5 44. h5 1/2-1/2

[Event "Cup of Lviv-2017 (A) Bank Lviv - open"]
[Site "Lviv"]
[Date "2017.05.08"]
[Round "5.5"]
[White "Fedorov, Alexei"]
[Black "Mirzoev, Emil"]
[Result "0-1"]
[WhiteElo "2623"]
[BlackElo "2474"]
[PlyCount "114"]
[EventDate "2017.05.08"]
[EventType "swiss (rapid)"]
[EventRounds "13"]
[EventCountry "UKR"]

1. e4 c5 2. d3 Nc6 3. f4 Nf6 4. Nf3 d5 5. e5 Ng4 6. h3 Nh6 7. g4 f5 8. g5 Nf7
9. h4 e6 10. h5 b5 11. d4 Qb6 12. c3 a5 13. Be3 h6 14. g6 Nfd8 15. Nbd2 b4 16.
Kf2 c4 17. a4 bxa3 18. bxa3 a4 19. Kg3 Bd7 20. Ne1 Na5 21. Nc2 Nb3 22. Ra2 Be7
23. Nb4 O-O 24. Bg2 Ra5 25. Nf1 Nc6 26. Bf2 Na7 27. Ne3 Nb5 28. Qc2 Kh8 29. Rd1
Nc7 30. Qb1 Rb8 31. Qc2 Be8 32. Nxf5 exf5 33. Qxf5 Rd8 34. Qc2 Bd7 35. f5 Rf8
36. Bh3 Bg5 37. Rf1 Nd2 38. Re1 Ne4+ 39. Rxe4 dxe4 40. Qxe4 Qb8 41. d5 Nxd5 42.
Bd4 Nxb4 43. axb4 Ra6 44. Bg4 Bc6 45. Qe2 a3 46. Kh3 Bd5 47. Qe1 Qb5 48. Qd1
Qa4 49. Qa1 Ba8 50. Bc5 Re8 51. e6 Bf6 52. b5 Qxb5 53. Bxa3 Qb3 54. Bd1 Qxc3+
55. Qxc3 Bxc3 56. Bb2 Rxa2 57. Bxc3 Ra3 0-1